| 000 | 01550nam a2200385Ia 4500 | ||
|---|---|---|---|
| 001 | dia_5599 | ||
| 003 | CHAP | ||
| 005 | 20240209125342.0 | ||
| 007 | ta | ||
| 008 | 220117s1995 mx ae f 001 0 spa d | ||
| 040 |
_cCHAP _amxchpua |
||
| 090 |
_aT.C.204 _bL49 ETIPA _c1995 |
||
| 245 | 1 | 0 |
_aPlanta vinícola L.a CETTO, Valle de Guadalupe, Ensenada, B. C. / _ccoordinador Gabriel Leyva Ruelas ; colaborador Elia Cruz Crespo...[et al.] |
| 260 |
_aMéxico : _bEl autor, _c1995 |
||
| 300 |
_acerca 100 hojas : _bilustraciones, tablas, planos |
||
| 336 |
_2rdacontent _atexto _btxt |
||
| 337 |
_2rdamedia _asin medio _bn |
||
| 338 |
_2rdacarrier _avolumen _bnc |
||
| 500 | _aGrado: 7° año | ||
| 502 |
_aViaje de Estudios _b(ETIPA) -- _cUACh. Departamento de Ingeniería Agroindustrial, _d1995 |
||
| 504 | _aBibliografía : hoja 81 | ||
| 505 | 0 | 0 | _aContiene 4 planos : -- 1.Diagrama de flujo (Vino blanco y vino tinto) -- 2.Diagrama de flujo (Destilación) -- 3.Distribución de equipo (Esc. 1:200) -- 4.Distribución de áreas |
| 650 | 1 | 3 |
_aVinificación _9151244 |
| 650 | 1 | 3 |
_aViticultura _9159036 _zMéxico _zBaja California Norte |
| 650 | 1 | 3 |
_aWinemaking _9151246 |
| 650 | 1 | 3 |
_aViticulture _9159037 _zMexico _zBaja California Norte |
| 700 | 1 |
_aLeyva Ruelas, Gabriel _9152794 _ecoordinador |
|
| 700 | 1 |
_aCruz Crespo, Elia _929340 _ecolaborador |
|
| 901 | _aT.C.204 L49 ETIPA 1995 | ||
| 902 | _aM | ||
| 905 | _a5332271995 mx en 8223123322spa16 | ||
| 942 | _2local | ||
| 942 | _cVE | ||
| 999 |
_c176524 _d176524 |
||